00441nam a2200145Ia 4500008004100000020001800041041000800059082001500067100004000082245003700122250000600159260006400165300002900229650003700258210716s2009 xx 000 0 und d a9780070597105 aeng a657.3 BERL aBernstein, Leopold A; Wild, John J. aAnalysis of financial statement. a5 aNew DelhibTata McGraw Hill Education Private Limitedc2009 axxix,367,CC52,A52,I9,IN9 aFinancial Reporting and Analyais